| 000 | 00000nam 2200000zi 4500 |
| 001 | 9.937745 |
| 003 | CaOODSP |
| 005 | 20250110131716 |
| 006 | m o d f |
| 007 | cr |n||||||||| |
| 008 | 240415e19940329qucdb ob f|0| 0 fre d |
| 040 | |aCaOODSP|bfre|erda|cCaOODSP |
| 043 | |an-cn-qu |
| 086 | 1 |aCW66-1531/1994F-PDF |
| 100 | 1 |aBédard, Jean, |d1938- |eauteur. |
| 245 | 10|aDistribution des macreuses à front blanc dans le moyen estuaire du Saint-Laurent à l'automne : |bune analyse préliminaire : rapport final / |cJean Bédard et André Nadeau. |
| 264 | 1|a[Sainte-Foy, Québec] : |b[Service canadien de la faune], |c29 mars 1994. |
| 300 | |a1 ressource en ligne (iv, 75, [7] pages) : |bcartes, graphiques |
| 336 | |atexte|btxt|2rdacontent/fre |
| 337 | |ainformatique|bc|2rdamedia/fre |
| 338 | |aressource en ligne|bcr|2rdacarrier/fre |
| 500 | |aÉdition numérisée de l’imprimé [par Environnement et changement climatique Canada]. |
| 500 | |a« Déposé suite à l'Accord de financement signé le 9 août 1993 entre Environnement Canada (SCF) et Société Duvetnor Ltée. » |
| 504 | |aComprend des références bibliographiques. |
| 650 | 6|aMacreuse à front blanc|zQuébec (Province)|zSaint-Laurent, Estuaire du. |
| 650 | 0|aSurf scoter|zQuébec (Province)|zSaint Lawrence River Estuary. |
| 710 | 2 |aService canadien de la faune, |eorganisme de publication. |
| 710 | 2 |aSociété Duvetnor Ltée, |econsultant. |
| 856 | 40|qPDF|s2.75 Mo|uhttps://publications.gc.ca/collections/collection_2025/eccc/cw66/CW66-1531-1994-fra.pdf |